Superconducting properties and microstructure of thin films for superconducting radiofrequency cavities : dátum obhajoby 27.7.2021

Saved in:
Bibliographic Details
Main Author: Ries, Rastislav (Author)
Other Authors: Gömöry, Fedor (Thesis advisor)
Format: Manuscript Book
Language:Slovak
English
Published: Bratislava : STU v Bratislave FEI, 2021
Subjects:
Online Access:http://is.stuba.sk/zp/portal_zp.pl?podrobnosti=144881
Tags: Add Tag
No Tags, Be the first to tag this record!

MARC

LEADER 00000ntm a22000003a 4500
001 stuzp66075
003 SK-STU
005 20230509124949.4
007 ta
008 150427s2015----xo-----f-mn---000-0-slo-d
040 |a STU  |b slo 
041 0 |a eng 
044 |a xo 
100 1 |a Ries, Rastislav  |u 036000  |4 aut  |U FEI Fakulta elektrotechniky a informatiky  |T FEI Ústav jadrového a fyzikálneho inžinierstva  |X 46711  |U E060  |Y 817  |7 46711 
242 0 1 |a Supravodivé vlastnosti a mikroštruktúra tenkých vrstiev pre supravodivé rádiofrekvenčné dutiny  |y slo 
245 1 0 |a Superconducting properties and microstructure of thin films for superconducting radiofrequency cavities :  |b dátum obhajoby 27.7.2021 
260 |a Bratislava :  |b STU v Bratislave FEI,  |c 2021 
300 |a 12 s.,  |b AUTOREF. 2021, 19 s. 
500 |a Len v elektronickej podobe 
650 4 |a Pole prvého vniku do supravodiča  |2 slo 
650 4 |a Štruktúra Nb / Cu  |2 slo 
650 4 |a Laserové ožarovanie  |2 slo 
650 4 |a Mikroštrukturálna charakterizácia  |2 slo 
650 4 |a Supravodivé vlastnosti  |2 slo 
650 4 |a SRF dutina  |2 slo 
650 4 |a SRF cavity  |2 eng 
650 4 |a Nb/Cu structure  |2 eng 
650 4 |a superconducting characterization  |2 eng 
650 4 |a first magnetic flux entry field  |2 eng 
650 4 |a laser post-treatment  |2 eng 
650 4 |a microstructural characterization  |2 eng 
700 1 |a Gömöry, Fedor  |4 ths  |X 16982  |7 A000016982 
856 4 |u http://is.stuba.sk/zp/portal_zp.pl?podrobnosti=144881 
996 |b 284ED01674  |c E*ZP-537  |l EE01  |s P  |a 0  |w stuzp66075_0001